טוען...

Economics

מידע ביבליוגרפי
מחבר ראשי: Samuelson, Paul A.
מחברים אחרים: Nordhaus, William D.
פורמט: Printed Book
שפה:English
יצא לאור: New Delhi Tata McGraw-Hill 2001
מהדורה:17th ed.
נושאים:
LEADER 00711nam a2200253 a 4500
001 adlib96000001
003 ViArRB
005 20151026132105.0
008 960221s1955 dcuabcdjdbkoqu001 0deng d
020 |a 007-048645-X 
022
040 |a Adlib 
082 |a 330 
245 |a Economics 
250 |a 17th ed. 
260 |a New Delhi  |b Tata McGraw-Hill  |c 2001 
300 |a xxiv, 792p. 
500 |a   
100 |a Samuelson, Paul A. 
700 |a Nordhaus, William D. 
942 |c BK  |6 _ 
653 |a Economic  |a Economics  |a Business  |a demography  |a Money 
999 |c 41499  |d 41499 
952 |0 0  |1 0  |4 0  |6 330_SAM2001  |7 0  |9 53518  |a UL  |b UL  |d 2010-06-16  |l 13  |o 330 SAM"2001"  |p 00052846  |r 2015-09-11  |s 2015-09-11  |w 2010-06-16  |y BK